UM Logo

Leading patient experience strategy to the next level/ (Record no. 8527)

MARC details
000 -LEADER
fixed length control field 00396nam a2200121 4500
008 - FIXED-LENGTH DATA ELEMENTS--GENERAL INFORMATION
fixed length control field 180209b xxu||||| |||| 00| 0 eng d
100 ## - MAIN ENTRY--PERSONAL NAME
9 (RLIN) 26309
Personal name Buban, Charles E.
245 ## - TITLE STATEMENT
Title Leading patient experience strategy to the next level/
Statement of responsibility, etc. Charles E. Buban.
260 ## - PUBLICATION, DISTRIBUTION, ETC. (IMPRINT)
Place of publication, distribution, etc. Philippines:
Name of publisher, distributor, etc. Philippine Daily Inquirer,
Date of publication, distribution, etc. c2017.
300 ## - PHYSICAL DESCRIPTION
Extent page D4.
650 #0 - SUBJECT ADDED ENTRY--TOPICAL TERM
9 (RLIN) 26310
Topical term or geographic name as entry element Customer relations.
942 ## - ADDED ENTRY ELEMENTS (KOHA)
Source of classification or shelving scheme Dewey Decimal Classification
Koha item type Periodicals
Holdings
Withdrawn status Lost status Source of classification or shelving scheme Damaged status Not for loan Collection code Home library Current library Date acquired Total Checkouts Date last seen Price effective from Koha item type Public note
    Dewey Decimal Classification     Periodicals UM Digos College - LIC UM Digos College - LIC 02/09/2018   02/09/2018 02/09/2018 Periodicals Newspaper Clippings